000 00591nam a2200241Ia 4500
005 20250425162632.0
008 250425s9999 xx 000 0 und d
020 _a9978338087
041 _aspa
043 _aec
082 _a344.01
100 _aSÁNCHEZ CARRIÓN, GILBERTO
245 0 _aREMUNERACION SALARIAL Y OTROS DERECHOS DE LOS TRABAJAORES
250 _a1A ED.
260 _aEcuador
_bSANCHEZ CARRION, GILBERTO
_c2013
260 _aQUITO
_bEDYPE
300 _a124
650 _aREMUNERACION
650 _aTRABAJO
710 _aEDYPE
942 _c01
010 _a92022
999 _c233330
_d233330